000 00337nam a22001337a 4500
082 _a297.7
_bKHU
_cL-31,P-57
100 _aKHU
_937497
245 _aLove at home
_cKhurram Murad.
260 _aIslamabad:
_bBook promoters.
_c1983.
300 _a48p.
526 _a0
_b0
_c0
_d297_700000000000000_KHU
650 _aMCE
_9379
942 _2ddc
_cBK
999 _c542364
_d542364